(Record no. 9990)

MARC details
000 -LEADER
campo de control de longitud fija 00347nam a2200121Ia 4500
001 - NÚMERO DE CONTROL
campo de control 4183
008 - DATOS DE LONGITUD FIJA--INFORMACIÓN GENERAL
campo de control de longitud fija 241024s9999 xx 000 0 und d
082 ## - NÚMERO DE LA CLASIFICACIÓN DECIMAL DEWEY
Número de clasificación RD/004.6/R426i/1996-2000/11
100 ## - ENTRADA PRINCIPAL--NOMBRE DE PERSONA
Nombre de persona República Dominicana.Secretaría de Estado de Educación y Cultura
260 ## - PUBLICACIÓN, DISTRIBUCIÓN, ETC.
Nombre del editor, distribuidor, etc. Santo Domingo
Fecha de publicación, distribución, etc. 2016
901 ## - ELEMENTOS DE DATOS A LOCAL LDA (RLIN)
a 18/8/2016 3:37:25 p.m.

No items available.

© 2024. Todos los Derechos Reservados. Desarrollado por IDEICE